000 00398nam a2200169Ia 4500
005 20240921143557.0
008 240921s9999||||xx |||||||||||||| ||und||
041 _aENGLISH
082 _A621.395 N6
100 _aMorris Mano M
245 0 _aDigital Design
250 _a2nd
260 _c1996
_bPrentice Hall of India,New
650 _aElectrical
_bElectrical
942 _cBB
999 _c247925
_d247925